GROUPS - Harry Potter and the Goblet of Fire - Statistics

General Stats
  • This quiz has been taken 282 times
    171 since last reset
  • The average score is 22 of 25
Answer Stats
Hint Answer % Correct
School Headmasters Albus Dumbledore
98%
Triwizard Champions Cedric Diggory
98%
Characters who Died Cedric Diggory
98%
+ Yule Ball Dates Cho Chang
98%
Tournament Tasks Dragons
98%
Triwizard Champions Harry Potter
98%
+ Yule Ball Dates Hermione Granger
98%
Wizarding Schools Hogwarts
98%
Triwizard Champions Viktor Krum
97%
Triwizard Champions Fleur Delacour
96%
Tournament Tasks Maze
96%
Tournament Tasks Black Lake
92%
Unforgivable curses Crucio
90%
Wizarding Schools Durmstrang
88%
Voldemort's Regeneration Potion Ingredients Harry Potter's Blood
88%
School Headmasters Igor Karkaroff
88%
+ Yule Ball Dates Parvati Patil
88%
Unforgivable curses Avada Kedavra
86%
School Headmasters Olympe Maxime
85%
Wizarding Schools Beauxbatons
84%
Unforgivable curses Imperio
84%
Voldemort's Regeneration Potion Ingredients Voldemort's father's Bones
75%
Voldemort's Regeneration Potion Ingredients Wormtail's Hand
74%
Characters who Died Barty Crouch Sr.
66%
Characters who Died Frank Bryce
43%
No matching quizzes found
Score Distribution
Percent of People with Each Score
Percentile by Number Answered
Your Score History
You have not taken this quiz since the last reset